Sammlung deutscher Gesetze: SDG ; Textausgaben, Kommentare
| Medienart: | Druck Schriftenreihe/Zeitschrift |
|---|---|
| Sprache: | Deutsch |
| Veröffentlicht: |
Berlin
Weidmannsche Verlagsbuchhandlung
1909-1937
Mannheim Berlin Leipzig Bensheimer -1932 Mannheim Berlin Leipzig Deutsches Druck- u. Verlagshaus (Verlag für Rechts- und Staatswissenschaften) 1933-1936 |
| In: | Jahr: 1909 |
| Verfügbarkeit prüfen: | HBZ Gateway |
| Bände / Aufsätze: | Bände / Aufsätze anzeigen. |
| Schlagwörter: |
MARC
| LEADER | 00000cas a2200000 c 4500 | ||
|---|---|---|---|
| 001 | 130290319 | ||
| 003 | DE-627 | ||
| 005 | 20250707025235.0 | ||
| 007 | tu | ||
| 008 | 931116d19091937xx z| m| 0 |0ger c | ||
| 016 | 7 | |a 013247387 |2 DE-101 | |
| 016 | 7 | |a 574945-1 |2 DE-600 | |
| 035 | |a (DE-627)130290319 | ||
| 035 | |a (DE-576)015866335 | ||
| 035 | |a (DE-599)ZDB574945-1 | ||
| 035 | |a (OCoLC)1343722897 | ||
| 040 | |a DE-627 |b ger |c DE-627 |e rakwb | ||
| 041 | |a ger | ||
| 044 | |c XA-DXDE | ||
| 082 | 0 | 4 | |a 340 |q DE-600 |
| 084 | |a 86.10 |2 bkl | ||
| 084 | |a 86.44 |2 bkl | ||
| 245 | 0 | 0 | |a Sammlung deutscher Gesetze |b SDG ; Textausgaben, Kommentare |
| 246 | 1 | |i Nebent.: |a Die blauen Textausgaben | |
| 247 | 1 | 0 | |a Bensheimers Sammlung deutscher Gesetze |f Nebent. anfangs |
| 264 | 3 | 1 | |a Berlin |b Weidmannsche Verlagsbuchhandlung |c 1909-1937 |
| 264 | 2 | 1 | |a Mannheim |a Berlin |a Leipzig |b Bensheimer |c -1932 |
| 264 | 2 | 1 | |a Mannheim |a Berlin |a Leipzig |b Deutsches Druck- u. Verlagshaus (Verlag für Rechts- und Staatswissenschaften) |c 1933-1936 |
| 336 | |a Text |b txt |2 rdacontent | ||
| 337 | |a ohne Hilfsmittel zu benutzen |b n |2 rdamedia | ||
| 338 | |a Band |b nc |2 rdacarrier | ||
| 362 | 0 | |a 1909 - 185.1937 nachgewiesen | |
| 363 | 0 | 0 | |i 1909 |
| 363 | 1 | 0 | |i 1937 |a 185 |
| 515 | |a Anfangs ohne Bd.-Zählung | ||
| 655 | 7 | |a Monografische Reihe |0 (DE-588)4179998-7 |0 (DE-627)104628669 |0 (DE-576)209995106 |2 gnd-content | |
| 655 | 7 | |a Quelle |0 (DE-588)4135952-5 |0 (DE-627)105661236 |0 (DE-576)209665084 |2 gnd-content | |
| 689 | 0 | 0 | |d s |0 (DE-588)4056666-3 |0 (DE-627)106154133 |0 (DE-576)209118490 |a Staatsrecht |2 gnd |
| 689 | 0 | 1 | |d g |0 (DE-588)4011882-4 |0 (DE-627)104704861 |0 (DE-576)208896155 |a Deutschland |2 gnd |
| 689 | 0 | 2 | |d s |0 (DE-588)4048737-4 |0 (DE-627)106189719 |0 (DE-576)20907907X |a Recht |2 gnd |
| 689 | 0 | |5 (DE-627) | |
| 689 | 1 | 0 | |d b |0 (DE-588)35097-7 |0 (DE-627)100811949 |0 (DE-576)19033732X |a Deutschland |g Gebiet unter Alliierter Besatzung |b Alliierter Kontrollrat |2 gnd |
| 689 | 1 | |5 (DE-627) | |
| 889 | |w (DE-603)190974966 | ||
| 936 | b | k | |a 86.10 |j Recht einzelner Länder, Gebiete und Völker |q ARK |0 (DE-627)106422499 |
| 936 | b | k | |a 86.44 |j Staatsrecht |j Verfassungsrecht: Allgemeines |q ARK |0 (DE-627)10642260X |
| 951 | |a ST | ||
| ELC | |b 1 | ||
| LOK | |0 000 xxxxxcx a22 zn 4500 | ||
| LOK | |0 001 2469079829 | ||
| LOK | |0 003 DE-627 | ||
| LOK | |0 004 130290319 | ||
| LOK | |0 005 20160609113821 | ||
| LOK | |0 008 970120||||||||||||||||ger||||||| | ||
| LOK | |0 040 |a DE-21 |c DE-627 |d DE-21 | ||
| LOK | |0 852 |a DE-21 | ||
| LOK | |0 852 1 |9 00 | ||
| LOK | |0 935 |a dika | ||
| LOK | |0 939 |a 20-01-97 |b l01 | ||
| LOK | |0 000 xxxxxcx a22 zn 4500 | ||
| LOK | |0 001 2469079837 | ||
| LOK | |0 003 DE-627 | ||
| LOK | |0 004 130290319 | ||
| LOK | |0 005 20050812000000 | ||
| LOK | |0 008 050812||||||||||||||||ger||||||| | ||
| LOK | |0 040 |a DE-21-64 |c DE-627 |d DE-21-64 | ||
| LOK | |0 852 |a DE-21-64 | ||
| LOK | |0 852 1 |m p |9 00 | ||
| LOK | |0 935 |a k064 | ||
| LOK | |0 938 |k p | ||
| LOK | |0 939 |a 12-08-05 |b l01 | ||
| LOK | |0 000 xxxxxcx a22 zn 4500 | ||
| LOK | |0 001 2469079845 | ||
| LOK | |0 003 DE-627 | ||
| LOK | |0 004 130290319 | ||
| LOK | |0 005 20010123000000 | ||
| LOK | |0 008 990428||||||||||||||||ger||||||| | ||
| LOK | |0 040 |a DE-21-24 |c DE-627 |d DE-21-24 | ||
| LOK | |0 852 |a DE-21-24 | ||
| LOK | |0 852 1 |m p |9 00 | ||
| LOK | |0 938 |k p | ||
| LOK | |0 939 |a 28-04-99 |b l01 | ||
| LOK | |0 000 xxxxxcx a22 zn 4500 | ||
| LOK | |0 001 2469079853 | ||
| LOK | |0 003 DE-627 | ||
| LOK | |0 004 130290319 | ||
| LOK | |0 005 20010123000000 | ||
| LOK | |0 008 951005||||||||||||||||ger||||||| | ||
| LOK | |0 040 |a DE-21-19 |c DE-627 |d DE-21-19 | ||
| LOK | |0 852 |a DE-21-19 | ||
| LOK | |0 852 1 |m p |9 00 | ||
| LOK | |0 938 |k p | ||
| LOK | |0 939 |a 05-10-95 |b l01 | ||
| LOK | |0 000 xxxxxcx a22 zn 4500 | ||
| LOK | |0 001 2469080355 | ||
| LOK | |0 003 DE-627 | ||
| LOK | |0 004 130290319 | ||
| LOK | |0 005 19931012000000 | ||
| LOK | |0 008 931012||||||||||||||||ger||||||| | ||
| LOK | |0 040 |a DE-Frei85 |c DE-627 |d DE-Frei85 | ||
| LOK | |0 852 |a DE-Frei85 | ||
| LOK | |0 852 1 |m p |9 00 | ||
| LOK | |0 938 |k p | ||
| LOK | |0 939 |a 12-10-93 |b l01 | ||
| ORI | |a SA-MARC-krimdokb001.raw | ||
| SPR | |a 1 |t KRI | ||
| TIM | |a 100019901003_100020261231 |b 1990-10-03 - 2026 | ||
